000 00557nam a22001937a 4500
999 _c6472
_d6472
003 OSt
005 20200123125934.0
008 200123b ||||| |||| 00| 0 eng d
020 _a0824719395
040 _c040a
082 _a543
_bANA 2000
245 _aAnalytical techniques in combinatorial chemistry /
_cMichael E. Swartz
260 _aNew York
_bMarcel Dekker
_c2000
300 _av,301p;
_bill:
_c14cm.
504 _aIncludes bibliographical references and index
650 _2Chemistry
700 _aSwartz, Michael E.
_913310
942 _2ddc
_cO_SHELF